000 00540nam a2200181Ia 4500
008 090124s9999 xx 000 0 und d
082 _b42718
100 _aMAHESHWARI OMPRAKASH
245 _aMODEL ANSWERS OF SCHOLARS' QUE. BANK-ENGLISH-SSC
250 _a1
260 _bSCHOLARS' ACADEMY
_c2003
300 _a145
600 _aMAHESHWARI OMPRAKASH
630 _aMODEL ANSWERS OF SCHOLARS' QUE. BANK-ENGLISH-SSC
700 _aMAHESHWARI OMPRAKASH
730 _aMODEL ANSWERS OF SCHOLARS' QUE. BANK-ENGLISH-SSC
942 _cBOOK
999 _c108935
_d108935